| 000 | 00722cam a2200157ua 4500 | ||
|---|---|---|---|
| 041 |
_aeng _h |
||
| 082 |
_a629.114 _bIND/TE |
||
| 110 | 1 |
_aIndian Standards Institution . _b _c() |
|
| 245 |
_aTechnical requirements of agricultural tractors for wet land cultivation, IS 11082-1984 / _cIndian Standards Institution. _hTextual Documents |
||
| 250 |
_a1 / _b. |
||
| 260 |
_aNew Delhi : _bIndian Standards Institution , _c1985. |
||
| 300 | _a5 ; . | ||
| 504 | _a | ||
| 942 | _cBK | ||
| 999 |
_c7957 _d7957 |
||